000 00608nam a2200205 i 4500
001 29344
003 ES-MaACL
005 20240322170302.0
007 t|
008 030121s1959 sp ||||1| spa d
100 1 _aBaring, Maurice.
_925656
245 1 0 _aC /
_cMaurice Baring ; [Traducción de Enrique de Juan].
260 _aBarcelona :
_bJosé Janés,
_c[1959] (
_fTip. Miguza)
300 _a418 p. ;
_c18 cm.
490 1 _aclub de los lectores
700 1 _aJuan, Enrique de.
_967090
830 0 _aClub de los lectores
_9181243
852 _aES-MaACL
_jC-16837
_bR.44266
999 _c29344
_d29344